Statistiques concernant Harry Potter et le Quiz Diabolique (Partie 1)

Cliquez ici pour prendre le quiz!

Statistiques générales

  • Ce quiz a été pris 1 176 fois
    (562 depuis la dernière actualisation)
  • Le résultat moyen est 91 sur 219

Statistiques - réponses

PersonnagesNoms complets% Correct
Harry PotterHarry James Potter
87%
| Harry Potter | Magyar à pointes | +2 othersHarry Potter
86%
| Kingsley Shacklebolt | Viktor KrumHermione Granger
86%
Vert GalloisFleur Delacour
84%
| Bill Weasley | Roger DaviesFleur Delacour
83%
| CornedrueJames Potter
83%
| Nymphadora TonksRon Weasley
83%
| PatmolSirius Black
83%
| George Weasley | LunardRemus Lupin
82%
Boutefeu chinoisViktor Krum
81%
Cho Chang | Suédois à museau courtCedric Diggory
80%
| Arthur WeasleyFred Weasley
80%
| Cedric DiggoryCho Chang
79%
Hermione GrangerViktor Krum
79%
| Remus LupinGeorge Weasley
78%
| QueudverPeter Pettigrow
75%
Ginny Weasley
74%
Neville Londubat
74%
| Fleur DelacourBill Weasley
73%
NaginiNagini
73%
Lord VoldemortTom Elvis Jedusor
73%
Diadème de Rowena SerdaigleDiadème de Rowena Serdaigle
72%
Journal intime de Tom JedusorJournal intime de Tom Jedusor
72%
| Harry PotterParvati Patil
72%
| Mondingus FletcherAlastor Maugrey
71%
Bague des GauntBague des Gaunt
71%
Coupe d'Helga PoufsouffleCoupe d'Helga Poufsouffle
71%
Luna Lovegood
71%
Médaillon de Salazar SerpentardMédaillon de Salazar Serpentard
69%
| Ron WeasleyNymphadora Tonks
69%
| Fred WeasleyArthur Weasley
68%
| Harry PotterRubeus Hagrid
68%
Padma Patil
66%
Coupe d'Helga Poufsouffle | Journal intime de Tom JedusorChambre des Secrets
64%
Felix Felicis
62%
Bague des Gaunt | Médaillon de Salazar Serpentard | NaginiEpée de Gryffondor
60%
| Alastor MaugreyMondingus Fletcher
59%
Diadème de Rowena SerdaigleSalle sur Demande
59%
Seamus Finnigan
58%
Dean Thomas
57%
Lily Potter
55%
Crin de licorne
53%
Albus DumbledoreAlbus Perceval Wulfric Brian Dumbledore
51%
Harry PotterForêt interdite
51%
Plume de phénix
51%
Polynectar
51%
Hermione GrangerHermione Jean Granger
50%
Ron WeasleyRonald Bilius Weasley
50%
Ventricule de dragon
50%
Alice Londubat
49%
Colin Crivey
49%
NaginiAvec Voldemort
48%
Harry PotterAvada Kedavra
47%
Dragon
47%
Harry PotterMagyar à pointes
47%
Molly Weasley
47%
Frank Londubat
46%
Albus Dumbledore
45%
Centaure
45%
Licorne
45%
Veritaserum
43%
Severus Rogue
42%
| Hermione GrangerKingsley Shacklebolt
40%
Coupe d'Helga Poufsouffle | Journal intime de Tom JedusorCrochet de Basilic
39%
Charlie Weasley
38%
Hippogriffe
38%
Basilic
36%
Histoire de la MagieBathilda Tourdesac
35%
Phénix
35%
Potion Tue-Loup
34%
Poussos
34%
Nick Quasi-Sans-TêteSir Nicholas de Mimsy Porpington
34%
Elfe de maison
33%
Lavande Brown
33%
Viktor KrumBoutefeu chinois
32%
Coupe d'Helga PoufsouffleCoffre de Bellatrix Lestrange
31%
Bague des GauntLittle Hangleton
31%
Fleur DelacourVert Gallois
31%
Ernie Macmillan
30%
Géant
30%
Hannah Abbot
30%
Sombral
30%
Angelina Johnson
29%
Bague des GauntBureau de Dumbledore
29%
Dennis Crivey
29%
Minerva McGonagall
29%
Vie et habitat des animaux fantastiquesNorbert Dragonneau
29%
Amortentia
28%
Lee Jordan
28%
Gobelin
27%
Justin Finch-Fletchley
27%
Diadème de Rowena SerdaigleFeudeymon
25%
Katie Bell
25%
Niffleur
25%
Sirène
25%
Zacharias Smith
25%
Canons de Chudley
24%
Elément du corps de la personne dont on souhaite prendre l'apparence
24%
Journal intime de Tom JedusorManoir des Malefoy
24%
Cedric DiggorySuédois à museau court
24%
Médaillon de Salazar SerpentardForêt de Dean
23%
Marietta Edgecombe
23%
Acromentule
22%
Alicia Spinnet
22%
Médaillon de Salazar SerpentardCaverne
22%
Gideon Prewett
22%
Michael Corner
22%
Moi le Magicien
22%
Harpies de Holyhead
21%
Troll
21%
Fabian Prewett
20%
Fleur DelacourRoger Davies
20%
Susan Bones
19%
Botruc
18%
Lutin de Cornouailles
18%
Marlene McKinnon
18%
Dedalus Diggle
17%
Doxy
17%
Strangulot
17%
Anthony Goldstein
16%
Elphias Doge
15%
Hestia Jones
14%
Emmeline Vance
13%
Essence de dictame
13%
Peau de serpent d'arbre du Cap
13%
Terry Boot
13%
Chien à trois têtes
12%
Arabella Figg
11%
Dorcas Meadowes
11%
Doxycide
11%
Gnome
11%
Scroutt à pétard
11%
Edgar Bones
10%
NaginiHall d'entrée
10%
Sturgis Podmore
10%
Goule
9%
Potion de Vieillissement
9%
Sangsues
9%
Sphinx
9%
Boursouflet
8%
Veracrasse
8%
Caradoc Dearborn
7%
Corne de bicorne en poudre
7%
Chrysopes cuites durant 21 jours
6%
Le Livre des sorts et enchantements Niveau 1Miranda Fauconnette
6%
Pimentine
6%
Tornades de Tutshill
6%
Vélane
6%
Sisymbre cueilli à la pleine lune
5%
Solution de Force
5%
Magie théoriqueAdalbert Lasornette
4%
Benji Fenwick
4%
Club de Flaquemare
4%
Manuel de métamorphose à l'usage des débutantsEmeric G. Changé
4%
Forces obscures : comment s'en protéger ?Quentin Jentremble
4%
Touffes de Polygonum
4%
Une année avec le yéti
4%
Vacances avec les harpies
4%
Vadrouilles avec les goules
4%
Potions magiquesArsenius Beaulitron
3%
Farfadet
3%
Flâneries avec le spectre de la mort
3%
Frelons de Wimbourne
3%
Noueux
3%
Philtre de Mort Vivante
3%
Philtre de Paix
3%
Potion de Ratatinage
3%
Promenades avec les loups-garous
3%
Randonnées avec les trolls
3%
Voyages avec les vampires
3%
Eruptif
2%
Mille herbes et champignons magiquesPhyllida Augirolle
2%

Distribution des résultats

Percentile par nombre de réponses

% des personnes avec chaque résultat

Votre développement - résultats

Vous n’avez pas pris ce quiz depuis la dernière actualisation